书目信息 |
| 题名: |
高等院校本科生暑期国际设计课程
|
|
| 作者: | 李翅 编著 | |
| 分册: | ||
| 出版信息: | 北京 中国建材工业出版社 2020.05 |
|
| 页数: | 135页 | |
| 开本: | 29cm | |
| 丛书名: | ||
| 单 册: | ||
| 中图分类: | TU206 | |
| 科图分类: | ||
| 主题词: | 建筑设计--jian zhu she ji--作品集--中国--现代 | |
| 电子资源: | ||
| ISBN: | 978-7-5160-2809-4 | |
| 000 | 01196nam0 2200241 450 | |
| 001 | 2070362987 | |
| 005 | 20201107193451.20 | |
| 010 | @a978-7-5160-2809-4@dCNY99.80 | |
| 100 | @a20200702d2020 em y0chiy50 ea | |
| 101 | 0 | @achi@aeng |
| 102 | @aCN@b110000 | |
| 105 | @aa z 000yy | |
| 200 | 1 | @a高等院校本科生暑期国际设计课程@Agao deng yuan xiao ben ke sheng shu qi guo ji she ji ke cheng@e绿色社区与低影响开发设计Workshop@f李翅 ... [等] 编著 |
| 210 | @a北京@c中国建材工业出版社@d2020.05 | |
| 215 | @a135页@c彩图@d29cm | |
| 304 | @a题名页题其余责任者: (加) 丹尼尔·罗尔, 戈晓宇, 周春光, 李玥 | |
| 330 | @a本书包括了北京林业大学园林学院城市规划专业、风景园林专业、园林专业2018年暑期的本科生国际课程教学实践, 以绿色社区和低影响开发设计工作坊, 选取了北京林业大学绿色校园改造设计和龙湖集团高碑店火车新城项目为例进行课程实践。内容包括: 北京林业大学校园雨洪管理综合改造 ; 高碑店某居住区景观雨洪管理综合改造等。 | |
| 517 | 1 | @a绿色社区与低影响开发设计Workshop@Alv se she qu yu di ying xiang kai fa she ji Workshop |
| 606 | 0 | @a建筑设计@Ajian zhu she ji@x作品集@y中国@z现代 |
| 690 | @aTU206@v5 | |
| 701 | 0 | @a李翅@Ali chi@4编著 |
| 801 | 0 | @aCN@b人天书店@c20200926 |
| 905 | @aZUCC@dTU206@eL133 | |
| 高等院校本科生暑期国际设计课程:绿色社区与低影响开发设计Workshop/李翅 ... [等] 编著.-北京:中国建材工业出版社,2020.05 |
| 135页:彩图;29cm |
| ISBN 978-7-5160-2809-4:CNY99.80 |
| 本书包括了北京林业大学园林学院城市规划专业、风景园林专业、园林专业2018年暑期的本科生国际课程教学实践, 以绿色社区和低影响开发设计工作坊, 选取了北京林业大学绿色校园改造设计和龙湖集团高碑店火车新城项目为例进行课程实践。内容包括: 北京林业大学校园雨洪管理综合改造 ; 高碑店某居住区景观雨洪管理综合改造等。 |
| ● |
| 相关链接 |
|
|
|
正题名:高等院校本科生暑期国际设计课程
索取号:TU206/L133
 
预约/预借
| 序号 | 登录号 | 条形码 | 馆藏地/架位号 | 状态 | 备注 |
| 1 | 1486813 | 214868133 | 建筑库101/101建筑库 41排7列1层/ [索取号:TU206/L133] | 在馆 | |
| 2 | 1486814 | 214868142 | 建筑库101/101建筑库 41排7列1层/ [索取号:TU206/L133] | 在馆 |